| 000 | 01458nam a2200337 a 4500 | ||
|---|---|---|---|
| 001 | ebr10276635 | ||
| 003 | CaPaEBR | ||
| 006 | m u | ||
| 007 | cr cn||||||||| | ||
| 008 | 080618s2008 ohu sb s001 0 eng | ||
| 010 | _z 2008027326 | ||
| 020 | _z9780821418062 (hc : alk. paper) | ||
| 020 | _z9780821418079 (pb : alk. paper) | ||
| 040 |
_aCaPaEBR _cCaPaEBR |
||
| 035 | _a(OCoLC)471133672 | ||
| 043 | _an-us--- | ||
| 050 | 1 | 4 |
_aE185.18 _b.A45 2008eb |
| 082 | 0 | 4 |
_a323.1196/073 _222 |
| 100 | 1 |
_aAli, Omar H. _q(Omar Hamid) |
|
| 245 | 1 | 0 |
_aIn the balance of power _h[electronic resource] : _bindependent Black politics and third-party movements in the United States / _cOmar H. Ali ; foreword by Eric Foner. |
| 260 |
_aAthens, Ohio : _bOhio University Press, _cc2008. |
||
| 300 | _axii, 244 p. | ||
| 504 | _aIncludes bibliographical references (p. [219]-236) and index. | ||
| 533 |
_aElectronic reproduction. _bPalo Alto, Calif. : _cebrary, _d2013. _nAvailable via World Wide Web. _nAccess may be limited to ebrary affiliated libraries. |
||
| 650 | 0 |
_aAfrican Americans _xPolitics and government. |
|
| 650 | 0 |
_aThird parties (United States politics) _xHistory. |
|
| 651 | 0 |
_aUnited States _xRace relations _xPolitical aspects _xHistory. |
|
| 655 | 7 |
_aElectronic books. _2local |
|
| 710 | 2 | _aebrary, Inc. | |
| 856 | 4 | 0 |
_uhttp://site.ebrary.com/lib/rucke/Doc?id=10276635 _zAn electronic book accessible through the World Wide Web; click to view |
| 999 |
_c5522 _d5522 |
||